000 00683nas a2200217 4500
001 BR0702822
003 BR-BrBNA
005 20231205110830.0
007 ta
008 230509b bl.|||p| |||| 00| 00por d
040 _aBR-BrBNA
_bpor
_cBiblioteca Nacional de Agricultura
041 _a(Pt)
072 _aE70
100 1 _aLopes, I.G.V.
245 1 _aA questão jurídica dos preços mínimos
650 _aPREÇO MÍNIMO
773 0 _tRevista de Política Agrícola (Brazil)
_xISSN 1413-4969
_g(1992), v. 1(4) p. 16-17
_wBR0702822
856 4 _uRev_Pol_Agr_v1_n4-1992.pdf#page=17
_yRecurso eletrônico (PDF)
909 _a202311
_bLúcia
_c55
_dLúcia Elande
942 _2AGRIS
_n0
_cANA
999 _c189325
_d189325